Marxism in the United States : remapping the history of the American left = El marxismo en los Estados Unidos: de reasignación de la historia de la izquierda de América /
Wedi'i Gadw mewn:
| Prif Awdur: | |
|---|---|
| Fformat: | Anhysbys |
| Iaith: | English |
| Cyhoeddwyd: |
New York :
Verso,
1991.
|
| Pynciau: | |
| Tagiau: |
Ychwanegu Tag
Dim Tagiau, Byddwch y cyntaf i dagio'r cofnod hwn!
|
MARC
| LEADER | 000000000a22000000004500 | ||
|---|---|---|---|
| 001 | 011573 | ||
| 020 | |a 0860913376 | ||
| 041 | 0 | |a eng | |
| 082 | 0 | 4 | |a 320.5 |b B931m |
| 100 | 1 | |a Buhle, Paul, |d 1944- | |
| 245 | 1 | 0 | |a Marxism in the United States : |b remapping the history of the American left = El marxismo en los Estados Unidos: de reasignación de la historia de la izquierda de América / |c Paul Buhle. |
| 246 | 3 | 1 | |a El marxismo en los Estados Unidos: de reasignación de la historia de la izquierda de América |
| 260 | 1 | |a New York : |b Verso, |c 1991. | |
| 650 | 4 | |a COMUNISMO | |
| 650 | 4 | |a ESTADOS UNIDOS | |
| 650 | 4 | |a HISTORIA | |
| 650 | 4 | |a RADICALISMO | |
| 999 | |c 17608 |d 17608 | ||
| 942 | |c BK |h 320.5 B931m |2 z | ||



